000 00291 a2200121 4500
001 153805
040 _cEscola São Tomás de Aquino
100 _aLUTTEMBARCK, Alice
240 1 0 _aPinga pingo pingado
_lpor
245 1 0 _aPinga pingo pingado
697 _a*LITERATURA INFANTIL
942 _cBK
999 _c153805
_d153805